000 01037nam a2200241 a 4500
001 1143404
003 AM-YEHGA
005 20250618080108.0
008 170628s2017 ai o|||gr|||||||||0|arm|d
020 _a9789939873022
040 _aAM-YeHGA
041 0 _aarm
100 1 _aՄակիչյան, Բորիս
245 1 0 _aԸնտրանի :
_b[Հոդվածների ժողովածու] /
_cԲ. Մակիչյան ; Կազմող և պատ. խմբ.՝ Գ. Հակոբյան ; Հյուսիսային համալսարան.
260 _aԵրևան :
_bԼուսակն,
_c2017.
300 _a260 էջ :
_bլուսանկ. ;
_c21 սմ.
610 1 4 _aԿրթություն
_zՀայաստանի Հանրապետություն
650 1 4 _aԲարձրագույն ուսումնական հաստատություններ
_zՀայաստանի Հանրապետություն
700 1 _aՀակոբյան, Գայանե
_eկազմ.
_4com
_eխմբ.
_4edt
710 2 _aՀյուսիսային համալսարան
_98825
942 _2udc
_cBK
090 _c564261
999 _c526645
_d526645